Criminologa̕ psicoanalt̕ica, conductual y del desarrollo

Detalles Bibliográficos
Autor principal: Hikal, Wael
Formato: Desconocido
Lenguaje:español
Publicado: Mx̌ico : Editorial vLex , 2009
Materias:
Acceso en línea:Acceso restringido

MARC

LEADER 00000ny a22000003n 4500
005 20110608102127.0
008 100323s mx 000 0 spa d
035 |a 2695 
040 |a BUS  |d vLex 
090 |c 562  |d 562 
100 1 |a Hikal, Wael 
245 1 0 |a Criminologa̕ psicoanalt̕ica, conductual y del desarrollo  |h [Recurso electrn̤ico]  |c Wael Sarwat Hikal Carren̤ 
256 |a Servicio en ln̕ea 
260 |a Mx̌ico :  |b Editorial vLex ,  |c 2009 
300 |a v. 
650 0 7 |a Criminologa̕  |2 Tesauro vLex 
740 0 |a vLex Libros (Servicios en ln̕ea) 
856 4 0 |u http://vlex.com/source/2695  |z Acceso restringido 
942 |c BOOK 
999 0 |a Criminology  |b Mx̌ico